00417nam a22001457a 450000500170000000800410001702000150005804100130007308200130008610000130009924500420011226000580015430000330021265000260024520240618142136.0240618b |||||||| |||| 00| 0 eng d a0406851670 aEnglish  a349 LAW  lEnglish  aThe all England Law Reports: Reprint  aLondon: bButterworth and Co. Publishers Ltd, c1989  bxviii, 1216 pages; c25 cm.  aLegal practice bLaw